000
00314nam a2200121Ia 4500
008
210430s9999 xx 000 0 und d
020
_a
978-969-8535-18-6
082
_a
385 B362O
100
_a
Aslam Bazmi
_9
9273
245
_a
Our Quaid As Remembered and Reported
_c
Aslam Bazmi
300
_a
166
942
_c
BK
_2
ddc
999
_c
565385
_d
565385